00750cam a22002531 4500001001300000003000400013005001700017008004100034010001700075025001700092035001800109040003100127042001200158050001500170100003000185245009500215250001400310260004700324300001900371504002700390651003000417651003200447999001700479sa 62000222 DLC20260227111913.0720308s1961 ii b 000 0 eng  asa 62000222  aPL480:I-E-24 a(OCoLC)258890 aDLCcODaWUdOCoLCdMHdDLC apremarc00aHN683b.D31 aDatta, Kalikinkar,d1905-10aSurvey of India's social life and economic condition in the eighteenth century (1707-1813) a[1st ed.] aCalcutta,bFirma K.L. Mukhopadhyay,c1961. a258 p.c22 cm. aIncludes bibliography. 0aIndiaxSocial conditions. 0aIndiaxEconomic conditions. c52853d52853